Sozial abweichendes Verhalten: Entstehung, Verbreitung, Verhinderung ; mit 76 Tabellen

Saved in:  
Bibliographic Details
Main Author: Amelang, Manfred 1939- (Author)
Format: Print Book
Language:German
Published: Berlin Heidelberg [u.a.] Springer 1986
In:Year: 1986
Online Access: Cover
Cover
Table of Contents
Availability in Tübingen:Present in Tübingen.
IFK: A II 374:2
IFK: A II 374:1
Check availability: HBZ Gateway
Subito Delivery Service: Order now.
Keywords:

MARC

LEADER 00000cam a2200000 c 4500
001 024177075
003 DE-627
005 20260303142942.0
007 tu
008 861211s1986 gw ||||| 00| ||ger c
010 |a  86232398  
015 |a 86,N36,0032  |2 dnb 
015 |a 86,A51,0533  |2 dnb 
016 7 |a 860828115  |2 DE-101 
020 |a 3540169652 
020 |a 0387169652 
035 |a (DE-627)024177075 
035 |a (DE-603)004647033 
035 |a (DE-576)012251690 
035 |a (DE-599)GBV024177075 
035 |a (OCoLC)1039232706 
035 |a (OCoLC)612415982 
035 |a (AT-OBV)AC00258123 
040 |a DE-627  |b ger  |c DE-627  |e rakwb 
041 |a ger 
044 |c XA-DE  |c XD-US  |c XA-GB 
050 0 |a HM291 
072 7 |a JM  |2 bicssc 
072 7 |a PSY000000  |2 bisacsh 
082 0 |a 150  |q SEPA  |2 23 
084 |a 11  |2 sdnb 
084 |a 19  |2 sdnb 
084 |a 19  |a 11  |a 14  |2 sdnb 
084 |a CW 8100  |2 rvk  |0 (DE-625)rvk/19208: 
084 |a MR 5700  |2 rvk  |0 (DE-625)rvk/123522: 
084 |a PH 8300  |2 rvk  |0 (DE-625)rvk/136497: 
090 |a a 
100 1 |a Amelang, Manfred  |d 1939-  |0 (DE-588)123823552  |0 (DE-627)085462764  |0 (DE-576)160068770  |4 aut 
109 |a Amelang, Manfred 1939-  |a Amelang, M. 1939- 
245 1 0 |a Sozial abweichendes Verhalten  |b Entstehung, Verbreitung, Verhinderung ; mit 76 Tabellen  |c Manfred Amelang 
264 1 |a Berlin  |a Heidelberg [u.a.]  |b Springer  |c 1986 
300 |a XIII, 470 S.  |b Ill., graph. Darst. 
336 |a Text  |b txt  |2 rdacontent 
337 |a ohne Hilfsmittel zu benutzen  |b n  |2 rdamedia 
338 |a Band  |b nc  |2 rdacarrier 
500 |a Literaturverz. S. 411 - 470 
505 8 |a Literaturverz. S. 411 - 452 
583 1 |a Archivierung/Langzeitarchivierung gewährleistet  |f PEBW  |x XA-DE-BW  |2 pdager  |5 DE-31 
650 0 |a Criminal Behavior 
650 0 |a Rape 
650 0 |a Suicide 
650 0 |a Deviant Behavior 
650 0 7 |0 (DE-588)4000320-6  |0 (DE-627)106401556  |0 (DE-576)208837620  |a Abweichendes Verhalten  |2 gnd 
650 4 |a Soziales Verhalten 
650 4 |a Soziales Handeln 
650 4 |a Verhaltensauffälligkeit 
650 4 |a Kriminalität 
650 4 |a Stereotype 
650 4 |a Aggression 
650 4 |a Selbstmord 
650 4 |a Ethik 
650 4 |a Anomie 
650 4 |a Straftat, Theorie, Forschung, Abschreckung, Explikation, Kritik, Verteilung, Differenzierung, Sanktion, Verhalten, Kriminalität, Untersuchung, Validität, Verurteilung, Feld 
650 4 |a Kriminologie 
650 4 |a Soziologie 
650 4 |a Kriminalpsychologie 
689 0 0 |d s  |0 (DE-588)4000320-6  |0 (DE-627)106401556  |0 (DE-576)208837620  |a Abweichendes Verhalten  |2 gnd 
689 0 |5 DE-101 
689 1 0 |d s  |0 (DE-588)4000320-6  |0 (DE-627)106401556  |0 (DE-576)208837620  |a Abweichendes Verhalten  |2 gnd 
689 1 |5 (DE-627) 
856 4 2 |u https://swbplus.bsz-bw.de/bsz012251690cov.jpg  |m V:DE-576  |m X:springer  |q image/jpeg  |v 20140213092214  |3 Cover  |7 1 
856 4 2 |u http://d-nb.info/860828115/04  |m V:DE-603  |q application/pdf  |v 20130501  |x Verlag  |3 Inhaltsverzeichnis  |7 1 
856 4 2 |u http://scans.hebis.de/HEBCGI/show.pl?00464703_cov.jpg  |m V:DE-576;X:springer  |q image/jpeg  |3 Cover  |7 1 
856 4 2 |u http://scans.hebis.de/HEBCGI/show.pl?00464703_toc.pdf  |m V:DE-603;B:DE-17  |q application/pdf  |3 Inhaltsverzeichnis  |7 1 
889 |w (DE-627)273232495 
889 |w (DE-627)191993395 
935 |i sf 
935 |i Blocktest 
936 r v |a CW 8100  |b Kriminologie, Kriminalistik (soweit für Psychologie von Interesse)  |k Psychologie  |k Angewandte Psychologie  |k Andere Gebiete der angewandten Psychologie  |k Kriminologie, Kriminalistik (soweit für Psychologie von Interesse)  |0 (DE-627)127149616X  |0 (DE-625)rvk/19208:  |0 (DE-576)20149616X 
936 r v |a MR 5700  |b Theorien des abweichenden Verhaltens  |k Soziologie  |k Sozialwissenschaftliche Theorien und Methoden  |k Jüngere soziologische Theorie  |k Theorien des abweichenden Verhaltens  |0 (DE-627)1271428180  |0 (DE-625)rvk/123522:  |0 (DE-576)201428180 
936 r v |a PH 8300  |b Kriminalbiologie; Kriminalanthropologie; Kriminalethologie; Kriminalpsychologie; Kriminalsoziologie, Abweichendes Verhalten/Soziologie; Labeling approach; Radikale Kriminologie, Kritische Kriminologie  |k Rechtswissenschaft  |k Strafrecht, Strafverfahrensrecht, Kriminologie  |k Kriminologie  |k Kriminalitätstheorien  |k Kriminalbiologie; Kriminalanthropologie; Kriminalethologie; Kriminalpsychologie; Kriminalsoziologie, Abweichendes Verhalten/Soziologie; Labeling approach; Radikale Kriminologie, Kritische Kriminologie  |0 (DE-627)1271739763  |0 (DE-625)rvk/136497:  |0 (DE-576)201739763 
936 s n |a c200  |2 mzub 
936 s n |a m200  |2 mzub 
936 s n |a p100  |2 mzub 
951 |a BO 
ELC |b 1 
LOK |0 000 xxxxxcx a22 zn 4500 
LOK |0 001 3245999240 
LOK |0 003 DE-627 
LOK |0 004 024177075 
LOK |0 005 20260303142942 
LOK |0 008 920826||||||||||||||||ger||||||| 
LOK |0 040   |a DE-21-110  |c DE-627  |d DE-21-110 
LOK |0 852   |a DE-21-110 
LOK |0 852 1  |c A II 374:1  |m p  |9 00 
LOK |0 935   |a k110 
LOK |0 936ln  |a 1.6 
LOK |0 938   |k p 
LOK |0 939   |a 26-08-92  |b l01 
LOK |0 000 xxxxxcx a22 zn 4500 
LOK |0 001 4927507033 
LOK |0 003 DE-627 
LOK |0 004 024177075 
LOK |0 005 20260303142942 
LOK |0 008 260303||||||||||||||||ger||||||| 
LOK |0 040   |a DE-21-110  |c DE-627  |d DE-21-110 
LOK |0 852   |a DE-21-110 
LOK |0 852 1  |c A II 374:2  |m p  |9 00 
LOK |0 938   |k p 
LOK |0 939   |a 03-03-26  |b l02 
LOK |0 000 xxxxxcx a22 zn 4500 
LOK |0 001 3245999240 
LOK |0 003 DE-627 
LOK |0 004 024177075 
LOK |0 005 20260303142942 
LOK |0 008 920826||||||||||||||||ger||||||| 
LOK |0 040   |a DE-21-110  |c DE-627  |d DE-21-110 
LOK |0 852   |a DE-21-110 
LOK |0 852 1  |c A II 374:1  |m p  |9 00 
LOK |0 935   |a k110 
LOK |0 936ln  |a 1.6 
LOK |0 938   |k p 
LOK |0 939   |a 26-08-92  |b l01 
LOK |0 000 xxxxxcx a22 zn 4500 
LOK |0 001 4927507033 
LOK |0 003 DE-627 
LOK |0 004 024177075 
LOK |0 005 20260303142942 
LOK |0 008 260303||||||||||||||||ger||||||| 
LOK |0 040   |a DE-21-110  |c DE-627  |d DE-21-110 
LOK |0 852   |a DE-21-110 
LOK |0 852 1  |c A II 374:2  |m p  |9 00 
LOK |0 938   |k p 
LOK |0 939   |a 03-03-26  |b l02 
ORI |a WA-MARC-krimdoka001.raw 
SIG |a IFK: A II 374:2 
SIG |a IFK: A II 374:1 
SIG |a IFK: A II 374:2 
SIG |a IFK: A II 374:1